Water for freshwater fish culture (Record no. 9034)

000 -LEADER
fixed length control field 00243nam a22001217a 4500
040 ## - CATALOGING SOURCE
Transcribing agency SK
082 ## - DEWEY DECIMAL CLASSIFICATION NUMBER
Classification number 828
100 ## - MAIN ENTRY--AUTHOR NAME
Personal name COCHE A.G.
245 ## - TITLE STATEMENT
Title Water for freshwater fish culture
260 ## - PUBLICATION, DISTRIBUTION, ETC. (IMPRINT)
Place of publication ROOME
Name of publisher COC
Year of publication 1981
300 ## - PHYSICAL DESCRIPTION
Number of Pages 111p.
942 ## - ADDED ENTRY ELEMENTS (KOHA)
Koha item type សៀវភៅភាសាអង់គ្លេស
952 ## - LOCATION AND ITEM INFORMATION (KOHA)
Withdrawn status [LOCAL, KOHA] 0
952 ## - LOCATION AND ITEM INFORMATION (KOHA)
Withdrawn status [LOCAL, KOHA] 0
952 ## - LOCATION AND ITEM INFORMATION (KOHA)
Withdrawn status [LOCAL, KOHA] 0
Holdings
Permanent Location Date acquired Koha item type Lost status Shelving location Barcode Current Location Full call number
Library Block C2016-08-23សៀវភៅភាសាអង់គ្លេស C306RUA036529Library Block C828 COC 1981 C306
Library Block C2016-08-23សៀវភៅភាសាអង់គ្លេស C306RUA036469Library Block C828 COC 1981 C306
Library Block C2016-08-23សៀវភៅភាសាអង់គ្លេស C306RUA061325Library Block C828 COC 1981 C306
មជ្ឈមណ្ឌលឯការនៃសាកលវិទ្យាល័យភូមិន្ទកសិកម្មចំការដូង

Powered by Koha